000 00797nam a2200289Ia 4500
001 Para_9333
003 CHAP
008 220125s2000 xx 000 0 und d
010 _a207938
040 _cCHAP
082 _a634.3 D8
100 _aDuran Vila, Núria
_934539
245 _aEnfermedades de los cítricos /
_c por Núria Duran-Vila y Pedro Moreno
260 _aMadrid :
_b Mundi Prensa
300 _a165 p.
503 _aC/e (ej.1) \ C/e (ej.2)
650 _aCítricos
_x enfermedades
_924423
650 _aCítricos
_x enfermedades por virus
_924427
700 _aMoreno, Pedro
_978751
901 _a634.3 D8
902 _aM
905 _a0000002000 a 0000000000 00
910 _a2000
942 _cPARA
942 _cPARA
_d1
999 _c207938
_d207938